Zones de Hallownest dans Hollow Knight - Statistiques

Statistiques générales
  • Ce quiz a été pris 192 fois
  • Le résultat moyen est 11 sur 17
Statistiques - réponses
Zones % Correct
Vertchemin
95%
Routes oubliées
84%
Cité des larmes
82%
Nid-profond
79%
Mont cristal
76%
Dirtmouth
73%
Frontières du Royaume
73%
Jardins de la reine
73%
Abysses
69%
Ruche
69%
Brumes-canyon
67%
Falaises hurlantes
59%
Bassin ancestral
54%
Caverne nocive
54%
Repos éternel
51%
Voies d'eau royales
49%
Passe du roi
29%
Aucun quiz correspondant
Distribution des résultats
% des personnes avec chaque résultat
Percentile par nombre de réponses
Votre historique - résultats
Vous n’avez pas pris ce quiz